[Event "Terrassa op-B"]
[Site "Terrassa"]
[Date "1996.??.??"]
[Round "2"]
[White "Sanchez Quiles, B."]
[Black "Serrano Perez, Fermin"]
[Result "1-0"]
[WhiteElo "1915"]
[BlackElo "1830"]
[PlyCount "59"]
[EventDate "1996.07.??"]
[EventType "swiss"]
[EventRounds "9"]
[EventCountry "ESP"]
[SourceTitle "EXT 2002"]
[Source "ChessBase"]
[SourceDate "2001.11.25"]
[SourceVersion "1"]
[SourceVersionDate "2001.11.25"]
[SourceQuality "1"]

1. d4 Nf6 2. c4 e6 3. Nf3 Bb4+ 4. Bd2 Bxd2+ 5. Qxd2 Nc6 6. Nc3 b6 7. e3 0-0 8. Bd3 Ba6 9. 0-0 Nb4 10. Be2 d5 11. a3 Nc6 12. cxd5 Bxe2 13. Qxe2 Nxd5 14. Rac1 Nde7 15. Qc2 Rc8 16. Ng5 g6 17. Nce4 Kg7 18. Qc3 Kh6 19. f4 Qd5 20. Qc2 Na5 21. Rf3 Kg7 22. Rh3 h5 23. Nh7 Rh8 24. Nhf6 Qf5 25. b4 Nb7 26. g4 hxg4 27. Rxh8 Rxh8 28. Qxc7 Nd5 29. Qxb7 Nxf6 30. Nd6 1-0